| 000 | 00379nam a22001337a 4500 | ||
|---|---|---|---|
| 005 | 20140106124814.0 | ||
| 008 | 140106b xxu||||| |||| 00| 0 eng d | ||
| 050 |
_aPR9377.59 _bT3S4 |
||
| 100 |
_aMoore, Gerald _96517 |
||
| 245 |
_aTchicaya U Tam'si _bselected poems _cMoore, Gerald |
||
| 260 |
_aLondon _bHeinemann _c1970 |
||
| 300 |
_axvi, 143p.; _b 19cm. |
||
| 942 |
_2lcc _cMONOGRAPH |
||
| 999 |
_c119512 _d119512 |
||